000 00651cab a2200229 4500
001 ABS50805
008 090401t1994 xxu||||| |||| 00| 0 eng d
035 _a(Sirsi) u53010
041 _aeng
245 _aCreative fit-out of a faceless building
260 _c1994
350 _a0
490 _aArchitects` Journal
_v199(24) 15 June 1994, 31-39(9)
520 _aOffice fit-out 10 Great Marlborough Street, London W1.
650 _aARNOLD PROJECT SERVICES
650 _aBUILT ENVIRONMENT-BUILDING COSTS
650 _aFITTING-OUT
650 _aOFFICES
690 _aBUILDING AND CONSTRUCTION-PROJECTS
942 _n0
948 _c04/03/1997
999 _c32707
_d32707